VR GAME FOR STRESS RELIEF (Record no. 173229)

000 -LEADER
fixed length control field 00459nam a2200145 4500
082 ## - DEWEY DECIMAL CLASSIFICATION NUMBER
Classification number BESE-3 SUF
100 ## - MAIN ENTRY--PERSONAL NAME
Personal name AHMED SUFFIAN JAVE
245 ## - TITLE STATEMENT
Title VR GAME FOR STRESS RELIEF
260 ## - PUBLICATION, DISTRIBUTION, ETC.
Place of publication, distribution, etc. ISLAMABAD
Name of publisher, distributor, etc. NUST-SEECS
Date of publication, distribution, etc. 2016
300 ## - PHYSICAL DESCRIPTION
Extent 66p.
Accompanying material CD INCLUDES
856 ## - Uniform Resource Identifier
Uniform Resource Identifier <a href="http://10.250.8.41:8080/xmlui/handle/123456789/7907">http://10.250.8.41:8080/xmlui/handle/123456789/7907</a>
942 ## - ADDED ENTRY ELEMENTS (KOHA)
Source of classification or shelving scheme
Koha item type Project Report
Holdings
Withdrawn status Lost status Source of classification or shelving scheme Damaged status Not for loan Collection code Permanent Location Current Location Shelving location Date acquired Source of acquisition Total Checkouts Total Renewals Full call number Barcode Date last seen Date last checked out Price effective from Koha item type
            Central Library (CL) Central Library (CL) Thesis 01/20/2017 NUST-SEECS 1 1 BESE-3 SUF SEECSP01932 01/17/2020 06/26/2019 01/20/2017 Thesis
© 2023 Central Library, National University of Sciences and Technology. All Rights Reserved.